Personnage Cendrillon (disney) - Statistiques

Statistiques générales
  • Ce quiz a été pris 363 fois
  • Le résultat moyen est 9 sur 15
Statistiques - réponses
Hint Réponse % Correct
1 Cendrillon
100%
2 Javotte
96%
6 Gus
95%
3 Anastasie
94%
9 Prince charmant
86%
4 Lucifer
80%
11 Le roi
67%
7 Jaq
59%
12 Pataud
45%
5 Madame de Tremaine
43%
10 Le grand duc
41%
8 La marraine fée
28%
15 Mary
26%
14 Suzy
11%
13 Major
7%
Aucun quiz correspondant
Distribution des résultats
% des personnes avec chaque résultat
Percentile par nombre de réponses
Votre historique - résultats
Vous n’avez pas pris ce quiz